| 000 | 01117cam a2200265 a 4500 | ||
|---|---|---|---|
| 001 | 13940936 | ||
| 003 | ARRUPE | ||
| 005 | 20160405082056.0 | ||
| 008 | 050425s2004 tz ab 000 0 eng | ||
| 010 | _a 2005328286 | ||
| 040 |
_aDLC _cDLC |
||
| 042 | _alcode | ||
| 043 | _afe----- | ||
| 050 | 0 | 0 |
_aHC860 _b.E177 2004 |
| 110 | 2 |
_aEast African Community. _bCommittee on Fast Tracking East African Federation. _923540 |
|
| 245 | 1 | 0 | _aReport of the Committee on Fast Tracking East African Federation, 26th November, 2004. |
| 260 |
_a[Arusha, Tanzania] : _bEast African Community, _c[2004] |
||
| 300 |
_axi, 378 p. : _bill., maps ; _c21 cm. |
||
| 500 | _a"Submitted to the Sixth Summit of Heads of State of the East African Community, Arusha, Tanzania, 26th November 2004"-- Cover. | ||
| 610 | 2 | 0 |
_aEast African Community. _bCommittee on Fast Tracking East African Federation. _923540 |
| 650 |
_aEast African Community Committee _923541 |
||
| 906 |
_a7 _bcbc _corigode _d3 _encip _f20 _gy-gencatlg |
||
| 942 |
_2lcc _cMONOGRAPH |
||
| 999 |
_c124530 _d124530 |
||